Ulises desatado: estudios sobre racionalidad, precompromiso y restricciones
Wedi'i Gadw mewn:
| Prif Awdur: | |
|---|---|
| Fformat: | Llyfr |
| Iaith: | Sbaeneg |
| Cyhoeddwyd: |
Barcelona
Gedisa
2002
|
| Rhifyn: | 1a. ed |
| Cyfres: | Sociología
|
| Pynciau: | |
| Tagiau: |
Ychwanegu Tag
Dim Tagiau, Byddwch y cyntaf i dagio'r cofnod hwn!
|
MARC
| LEADER | 00000nam a2200000 a 4500 | ||
|---|---|---|---|
| 001 | UCL9389 | ||
| 003 | CL-VaPUC | ||
| 008 | 040806e20020000SP |||||||||||||||||spa|d | ||
| 020 | |a 8474329051 | ||
| 082 | 0 | 4 | |a 301 |b ELS |2 21 |
| 100 | 0 | |a Elster, Jon |e author |9 487188 | |
| 245 | 1 | 0 | |a Ulises desatado: estudios sobre racionalidad, precompromiso y restricciones |
| 250 | |a 1a. ed | ||
| 300 | |a 349 p | ||
| 942 | |c BK | ||
| 945 | |d 20040806 00:00:00 |a cmena | ||
| 260 | |a Barcelona |b Gedisa |c 2002 | ||
| 650 | 0 | |a Antropología cultural y social |9 265143 | |
| 650 | 0 | |a Cambio social |9 256857 | |
| 650 | 7 | |a FILOSOFIA POLITICA |2 CL-VaPUC |9 487189 | |
| 650 | 0 | |a Psicología social |9 222894 | |
| 650 | 0 | |a Creatividad |9 310816 | |
| 583 | |a last modification |c 20040806 00:00:00 |k Rodrigo Vera | ||
| 490 | 0 | |a Sociología | |
| 999 | |c 310183 |d 310181 | ||
| 952 | |0 0 |1 0 |4 0 |6 301_000000000000000_ELS_2002 |7 0 |8 A |9 378434 |a BIBGIM |b BIBGIM |d 2019-11-21 |i 4045726 |o 301 ELS 2002 |p 4045726 |r 2025-01-15 |w 2019-11-21 |y BK |k SSL | ||